Croatia A-Z - Statistics

General Stats
  • This quiz has been taken 1,030 times
    187 since last reset
  • The average score is 14 of 23
Answer Stats
Hint Answer % Correct
E Continent where Croatia is located Europe
96%
D Croatian city, once an independent republic (1358 - 1908) Dubrovnik
92%
M Soccer player, 2018 Golden Ball Luka Modrić
90%
Z Capital of Croatia Zagreb
90%
H Croatia's neighbour to the north Hungary
88%
S Second biggest city Split
87%
K Currency 1994 - 2023 Kuna
86%
C Largest island Cres
79%
I Largest peninsula Istria
79%
O Biggest city in Slavonia Osijek
78%
A Former empire that included Croatia Austria-Hungary
76%
P Most famous National Park Plitvice Lakes
74%
T First Croatian king Tomislav
67%
R Electric hypercar company owner Mate Rimac
61%
L Mountainous region in Central Croatia Lika
52%
J Third president Ivo Josipović
48%
B Jesuit mathematician and physicist Roger Boscovich
38%
V Inventor of parachute Faust Vrančić
35%
G Oldest known Slavic script Glagolitic
25%
F Duke Višeslav defeated this empire in 799 Frankish Empire
19%
U Guerilla warriors fighting the Ottomans Uskoks
13%
N Art movement centered in Hlebine Naive Art
9%
Q Painter of French descent Ferdinand Quiquerez
2%
No matching quizzes found
Score Distribution
Percent of People with Each Score
Percentile by Number Answered
Your Score History
You have not taken this quiz since the last reset